<?xml version="1.0" encoding="UTF-8"?>
<record
    xmlns:xsi="http://www.w3.org/2001/XMLSchema-instance"
    xsi:schemaLocation="http://www.loc.gov/MARC21/slim http://www.loc.gov/standards/marcxml/schema/MARC21slim.xsd"
    xmlns="http://www.loc.gov/MARC21/slim">

  <leader>00936nam a22002537a 4500</leader>
  <controlfield tag="005">20170123162338.0</controlfield>
  <datafield tag="010" ind1=" " ind2=" ">
    <subfield code="a">A-998800</subfield>
  </datafield>
  <datafield tag="020" ind1=" " ind2=" ">
    <subfield code="c">60.00</subfield>
  </datafield>
  <datafield tag="035" ind1=" " ind2=" ">
    <subfield code="a">A-998800</subfield>
  </datafield>
  <datafield tag="037" ind1=" " ind2=" ">
    <subfield code="b">Cen Lib/Ret</subfield>
  </datafield>
  <datafield tag="040" ind1=" " ind2=" ">
    <subfield code="a">DPL</subfield>
    <subfield code="b">UR</subfield>
  </datafield>
  <datafield tag="082" ind1=" " ind2=" ">
    <subfield code="a">270.91</subfield>
    <subfield code="b">&#x639; &#x62B; &#x645;</subfield>
  </datafield>
  <datafield tag="100" ind1=" " ind2=" ">
    <subfield code="a">&#x639;&#x62B;&#x645;&#x627;&#x646;&#x6CC;&#x60C; &#x637;&#x6CC;&#x628; </subfield>
    <subfield code="9">125438</subfield>
  </datafield>
  <datafield tag="245" ind1=" " ind2=" ">
    <subfield code="a">&#x633;&#x641;&#x631;&#x646;&#x627;&#x645;&#x6C1; &#x62D;&#x631;&#x645;&#x6CC;&#x646; &#x634;&#x631;&#x6CC;&#x641;&#x6CC;&#x646; /</subfield>
    <subfield code="c">&#x637;&#x6CC;&#x628; &#x639;&#x62B;&#x645;&#x627;&#x646;&#x6CC; </subfield>
  </datafield>
  <datafield tag="246" ind1=" " ind2=" ">
    <subfield code="a">Safarnama hurmain shareefain /</subfield>
    <subfield code="b">by Taiyib Usmani </subfield>
  </datafield>
  <datafield tag="260" ind1=" " ind2=" ">
    <subfield code="a">&#x646;&#x6CC;&#x6CC; &#x62F;&#x6C1;&#x644;&#x6CC; </subfield>
    <subfield code="b">&#x627;&#x67E;&#x644;&#x627;&#x626;&#x688; &#x67E;&#x628;&#x644;&#x6CC;&#x6A9;&#x6CC;&#x634;&#x646;&#x632; &#x67E;&#x648;&#x679;.&#x644;&#x62A;&#x62F;. </subfield>
    <subfield code="c">1999</subfield>
  </datafield>
  <datafield tag="270" ind1=" " ind2=" ">
    <subfield code="b">&#x646;&#x6CC;&#x6CC; &#x62F;&#x6C1;&#x644;&#x6CC; </subfield>
    <subfield code="a">&#x661;&#x667;&#x663;&#x669;/&#x663;&#x60C; &#x646;&#x648; &#x6A9;&#x648;&#x6C1;&#x6CC;&#x646;&#x639;&#x631; &#x6C1;&#x648;&#x679;&#x644;&#x60C; &#x67E;&#x679;&#x648;&#x62F;&#x6CC; &#x6C1;&#x627;&#x624;&#x633;&#x60C; &#x62F;&#x631;&#x6CC;&#x627;&#x6AF;&#x646;&#x62C; </subfield>
    <subfield code="e">110002</subfield>
  </datafield>
  <datafield tag="300" ind1=" " ind2=" ">
    <subfield code="a">112p.</subfield>
    <subfield code="c">21cm(Hb)</subfield>
  </datafield>
  <datafield tag="650" ind1=" " ind2=" ">
    <subfield code="a"> &#x645;&#x630;&#x6C1;&#x628; - &#x627;&#x633;&#x644;&#x627;&#x645;</subfield>
    <subfield code="9">125439</subfield>
  </datafield>
  <datafield tag="650" ind1=" " ind2=" ">
    <subfield code="a"> &#x62D;&#x631;&#x645;&#x6CC;&#x646; -- &#x633;&#x648;&#x627;&#x646;&#x62D; &#x62D;&#x6CC;&#x627;&#x62A; </subfield>
    <subfield code="9">125440</subfield>
  </datafield>
  <datafield tag="650" ind1=" " ind2=" ">
    <subfield code="a">Religion -- Islam</subfield>
    <subfield code="9">92070</subfield>
  </datafield>
  <datafield tag="650" ind1=" " ind2=" ">
    <subfield code="a">Biography -- Hurmain</subfield>
    <subfield code="9">125441</subfield>
  </datafield>
  <datafield tag="942" ind1=" " ind2=" ">
    <subfield code="2">ddc</subfield>
    <subfield code="c">UR</subfield>
    <subfield code="h">270.91</subfield>
    <subfield code="m">&#x639; &#x62B; &#x645;</subfield>
  </datafield>
  <datafield tag="999" ind1=" " ind2=" ">
    <subfield code="c">108321</subfield>
    <subfield code="d">108321</subfield>
  </datafield>
  <datafield tag="952" ind1=" " ind2=" ">
    <subfield code="0">0</subfield>
    <subfield code="1">0</subfield>
    <subfield code="4">0</subfield>
    <subfield code="7">0</subfield>
    <subfield code="a">L</subfield>
    <subfield code="b">L</subfield>
    <subfield code="d">2016-01-18</subfield>
    <subfield code="e">Cen Lib/Ret</subfield>
    <subfield code="g">60.00</subfield>
    <subfield code="l">0</subfield>
    <subfield code="o">270.91 &#x639; &#x62B; &#x645;</subfield>
    <subfield code="p">A-998800</subfield>
    <subfield code="r">2016-01-18 00:00:00</subfield>
    <subfield code="t">1</subfield>
    <subfield code="v">60.00</subfield>
    <subfield code="w">2016-01-18</subfield>
    <subfield code="y">UR</subfield>
  </datafield>
</record>
